<?xml version="1.0" encoding="UTF-8"?><?xml-stylesheet type="text/xsl" href="static/style.xsl"?><OAI-PMH xmlns="http://www.openarchives.org/OAI/2.0/" xmlns:xsi="http://www.w3.org/2001/XMLSchema-instance" xsi:schemaLocation="http://www.openarchives.org/OAI/2.0/ http://www.openarchives.org/OAI/2.0/OAI-PMH.xsd"><responseDate>2026-04-28T19:51:53Z</responseDate><request verb="GetRecord" identifier="oai:uvadoc.uva.es:10324/5013" metadataPrefix="marc">https://uvadoc.uva.es/oai/request</request><GetRecord><record><header><identifier>oai:uvadoc.uva.es:10324/5013</identifier><datestamp>2024-12-18T07:58:28Z</datestamp><setSpec>com_10324_38</setSpec><setSpec>col_10324_852</setSpec></header><metadata><record xmlns="http://www.loc.gov/MARC21/slim" xmlns:doc="http://www.lyncode.com/xoai" xmlns:xsi="http://www.w3.org/2001/XMLSchema-instance" xmlns:dcterms="http://purl.org/dc/terms/" xsi:schemaLocation="http://www.loc.gov/MARC21/slim http://www.loc.gov/standards/marcxml/schema/MARC21slim.xsd">
<leader>00925njm 22002777a 4500</leader>
<datafield tag="042" ind1=" " ind2=" ">
<subfield code="a">dc</subfield>
</datafield>
<datafield tag="720" ind1=" " ind2=" ">
<subfield code="a">Núñez Castaño, María Cristina</subfield>
<subfield code="e">author</subfield>
</datafield>
<datafield tag="260" ind1=" " ind2=" ">
<subfield code="c">2014</subfield>
</datafield>
<datafield tag="520" ind1=" " ind2=" ">
<subfield code="a">Se propone una intervención de enfermería aplicable en el ámbito de la Atención Primaria dirigida a mejorar la calidad de vida de los cuidadores de enfermos de Parkinson. Para la evaluación de la eficacia de la intervención se llevará a cabo un estudio experimental que incluirá una muestra de 196 enfermos de Parkinson con cuidadores principales jóvenes (35-64 años) que sean familiares directos (hijos o pareja). A cada cuidador se asigna aleatoriamente a una de las dos condiciones experimentales. En uno de los grupos se aplicará la intervención propuesta y a los individuos incluidos en el grupo control se les ofrecerá una sesión informativa sobre la enfermedad de una hora de duración. Se realizarán mediciones de escalas en los participantes antes, durante y después de la intervención. Conclusiones e implicaciones para la práctica. Si la investigación demostrara el funcionamiento de la intervención, está podría implantarse en el sistema público de salud para que los pacientes y sus cuidadores puedan beneficiarse de ella.</subfield>
</datafield>
<datafield tag="024" ind2=" " ind1="8">
<subfield code="a">http://uvadoc.uva.es/handle/10324/5013</subfield>
</datafield>
<datafield ind1=" " ind2=" " tag="653">
<subfield code="a">Parkinson, Enfermedad de-Pacientes-Cuidados</subfield>
</datafield>
<datafield tag="245" ind1="0" ind2="0">
<subfield code="a">Intervención de enfermería en Atención Primaria en el cuidador principal del enfermo de Parkinson</subfield>
</datafield>
</record></metadata></record></GetRecord></OAI-PMH>